| 000 | 00425pab a2200157 454500 | ||
|---|---|---|---|
| 008 | 180718b2017 xxu||||| |||| 00| 0 eng d | ||
| 100 | _aMehta, Balwant Singh | ||
| 245 | _aPerformance of mobile phone sector in India | ||
| 260 | _c2017 | ||
| 300 | _ap.50-56. | ||
| 362 | _a8 Apr | ||
| 650 | _aMobile communication - India | ||
| 650 | _aMobile communication | ||
| 773 | _aEconomic and Political Weekly | ||
| 909 | _a114581 | ||
| 999 |
_c114575 _d114575 |
||